| 000 | 00000nam 2200000za 4500 |
| 001 | 9.603404 |
| 003 | CaOODSP |
| 005 | 20210624211046 |
| 007 | cr ||||||||||| |
| 008 | 150406|2005||||xxc|||||o f|0| 0 fre d |
| 040 | |aCaOODSP|bfre |
| 043 | |an-cn--- |
| 086 | 1 |aBT31-4/23-2005F-PDF |
| 110 | 1 |aCanada. |bConseil du trésor. |
| 245 | 10|aAgence canadienne d'évaluation environnementale - rapport sur le rendement pour la période se terminant le 31 mars 2005 |h[ressource électronique] |
| 260 | |aOttawa - Ontario : |bSecrétariat du Conseil du Trésor du Canada |c[2005]. |
| 300 | |a56p.|borganigramme, tableaux |
| 490 | 1 |aRapport sur le rendement pour la période se terminant le 31 mars 2005 |
| 590 | |a12-06-Supp|b2012-03-07 |
| 775 | 08|tCanadian Environmental Assessment Agency, performance report for the period ending March 31, 2005 |w(CaOODSP)9.573191 |
| 776 | 0#|tCanadian Environmental Assessment Agency |w(CaOODSP)9.541762 |
| 776 | 0#|tAgence canadienne d'évaluation environnementale |w(CaOODSP)9.541763 |
| 830 | #0|aRapport sur le rendement pour la période se terminant le 31 mars 2005.|w(CaOODSP)9.502661 |
| 856 | 40|qPDF|s252 Ko|uhttps://publications.gc.ca/collections/collection_2012/sct-tbs/BT31-4-23-2005-fra.pdf |